=LDR 00000nam 2200000 4500 =001 INLIS000000000033753 =005 20130612135706 =008 ***********************************ind** =035 ##$$0010-061300000033753 =041 ##$$a ind =082 ##$$a 694 =090 ##$$a 649, Tjo k =100 ##$$a Tjoa Pwee Hong =245 ##$$a Kontruksi kayu, Tjoe pwee hong, Fh. Djokowahjono =260 ##$$a 2008 $b Yogyakarta =300 ##$$a vi,149 hlm, 23,5 cm =650 ##$$a Kontruksi Kayu =700 ##$$a Djokodwahjono, Fh =850 ##$$a NBPNMAT